000 00507cam a2200169 4500500
005 20260405003110.0
041 _afre
042 _adc
100 1 0 _aRontard, Yseult
_eauthor
245 0 0 _aÉloge du carburateur
260 _c2020.
500 _a74
690 _aMatthew Crawford
690 _aTravail
786 0 _nPhilosophie magazine | 141 | 8 | 2020-08-01 | p. 63-63 | 1951-1787
856 4 1 _uhttps://shs.cairn.info/magazine-philosophie-magazine-2020-8-page-63?lang=fr&redirect-ssocas=7080
999 _c2064371
_d2064371